<?xml version="1.0" encoding="UTF-8"?>
<record
    xmlns:xsi="http://www.w3.org/2001/XMLSchema-instance"
    xsi:schemaLocation="http://www.loc.gov/MARC21/slim http://www.loc.gov/standards/marcxml/schema/MARC21slim.xsd"
    xmlns="http://www.loc.gov/MARC21/slim">

  <leader>01439nam0a22003251  4500</leader>
  <controlfield tag="001">rc\395995</controlfield>
  <controlfield tag="005">20250621071547.0</controlfield>
  <datafield tag="010" ind1=" " ind2=" ">
    <subfield code="a">5-7740-0352-3</subfield>
    <subfield code="9">1400</subfield>
  </datafield>
  <datafield tag="035" ind1=" " ind2=" ">
    <subfield code="a">(NLR Aleph) 005645241</subfield>
  </datafield>
  <datafield tag="090" ind1=" " ind2=" ">
    <subfield code="a">6711973</subfield>
    <subfield code="c">6711973</subfield>
  </datafield>
  <datafield tag="100" ind1=" " ind2=" ">
    <subfield code="a">20030616d1989    |||y0rusy50      ca</subfield>
  </datafield>
  <datafield tag="101" ind1="0" ind2=" ">
    <subfield code="a">rus</subfield>
  </datafield>
  <datafield tag="102" ind1=" " ind2=" ">
    <subfield code="a">RU</subfield>
  </datafield>
  <datafield tag="105" ind1=" " ind2=" ">
    <subfield code="a">y   |||||||||</subfield>
  </datafield>
  <datafield tag="200" ind1="1" ind2=" ">
    <subfield code="a">&#x418;&#x43C;&#x435;&#x43D;&#x43E;&#x441;&#x43B;&#x43E;&#x432;</subfield>
    <subfield code="e">&#x421;&#x442;&#x438;&#x445;&#x438;, &#x43F;&#x43E;&#x44D;&#x43C;&#x44B;</subfield>
    <subfield code="f">&#x41D;&#x430;&#x442;&#x430;&#x43B;&#x44C;&#x44F; &#x421;&#x430;&#x433;&#x430;&#x43D;&#x44C;</subfield>
  </datafield>
  <datafield tag="210" ind1=" " ind2=" ">
    <subfield code="a">&#x414;&#x43E;&#x43D;&#x435;&#x446;&#x43A;</subfield>
    <subfield code="c">&#x414;&#x43E;&#x43D;&#x431;&#x430;&#x441;</subfield>
    <subfield code="d">1989</subfield>
  </datafield>
  <datafield tag="215" ind1=" " ind2=" ">
    <subfield code="a">61, [2] &#x441;.</subfield>
    <subfield code="d">17</subfield>
  </datafield>
  <datafield tag="327" ind1="1" ind2=" ">
    <subfield code="a">&#x421;&#x43E;&#x434;&#x435;&#x440;&#x436;.: &#x426;&#x438;&#x43A;&#x43B;&#x44B;: &#x412; &#x43F;&#x43E;&#x43B;&#x443;&#x441;&#x442;&#x435;&#x440;&#x442;&#x43E;&#x43C; &#x43C;&#x43E;&#x435;&#x43C; &#x441;&#x43D;&#x435;; &#x41B;&#x44E;&#x434;&#x438; &#x434;&#x43E;&#x431;&#x440;&#x44B;&#x435;; &#x421;&#x435;&#x441;&#x442;&#x440;&#x438;&#x43D;&#x441;&#x43A;&#x43E;&#x435; &#x43C;&#x43E;&#x43D;&#x438;&#x441;&#x442;&#x43E;; &#x417;&#x430;&#x43A;&#x43B;&#x438;&#x43D;&#x430;&#x43D;&#x438;&#x435;; &#x421;&#x432;&#x435;&#x442; &#x44E;&#x43D;&#x43E;&#x441;&#x442;&#x438;: &#x41F;&#x43E;&#x44D;&#x43C;&#x430;; &#x41D;&#x430;&#x442;&#x430;&#x43B;&#x44C;&#x44F;, &#x410;&#x43D;&#x43D;&#x430;...: &#x41F;&#x43E;&#x44D;&#x43C;&#x430;-&#x44D;&#x441;&#x441;&#x435;</subfield>
  </datafield>
  <datafield tag="464" ind1=" " ind2="0">
    <subfield code="1">2001#$a&#x412; &#x43F;&#x43E;&#x43B;&#x443;&#x441;&#x442;&#x435;&#x440;&#x442;&#x43E;&#x43C; &#x43C;&#x43E;&#x435;&#x43C; &#x441;&#x43D;&#x435;</subfield>
    <subfield code="t">&#x412; &#x43F;&#x43E;&#x43B;&#x443;&#x441;&#x442;&#x435;&#x440;&#x442;&#x43E;&#x43C; &#x43C;&#x43E;&#x435;&#x43C; &#x441;&#x43D;&#x435;</subfield>
  </datafield>
  <datafield tag="464" ind1=" " ind2="0">
    <subfield code="1">2001#$a&#x41B;&#x44E;&#x434;&#x438; &#x434;&#x43E;&#x431;&#x440;&#x44B;&#x435;</subfield>
    <subfield code="t">&#x41B;&#x44E;&#x434;&#x438; &#x434;&#x43E;&#x431;&#x440;&#x44B;&#x435;</subfield>
  </datafield>
  <datafield tag="464" ind1=" " ind2="0">
    <subfield code="1">2001#$a&#x421;&#x435;&#x441;&#x442;&#x440;&#x438;&#x43D;&#x441;&#x43A;&#x43E;&#x435; &#x43C;&#x43E;&#x43D;&#x438;&#x441;&#x442;&#x43E;</subfield>
    <subfield code="t">&#x421;&#x435;&#x441;&#x442;&#x440;&#x438;&#x43D;&#x441;&#x43A;&#x43E;&#x435; &#x43C;&#x43E;&#x43D;&#x438;&#x441;&#x442;&#x43E;</subfield>
  </datafield>
  <datafield tag="464" ind1=" " ind2="0">
    <subfield code="1">2001#$a&#x417;&#x430;&#x43A;&#x43B;&#x438;&#x43D;&#x430;&#x43D;&#x438;&#x435;</subfield>
    <subfield code="t">&#x417;&#x430;&#x43A;&#x43B;&#x438;&#x43D;&#x430;&#x43D;&#x438;&#x435;</subfield>
  </datafield>
  <datafield tag="464" ind1=" " ind2="0">
    <subfield code="1">2001#$a&#x421;&#x432;&#x435;&#x442; &#x44E;&#x43D;&#x43E;&#x441;&#x442;&#x438;</subfield>
    <subfield code="t">&#x421;&#x432;&#x435;&#x442; &#x44E;&#x43D;&#x43E;&#x441;&#x442;&#x438;</subfield>
  </datafield>
  <datafield tag="464" ind1=" " ind2="0">
    <subfield code="1">2001#$a&#x41D;&#x430;&#x442;&#x430;&#x43B;&#x44C;&#x44F;, &#x410;&#x43D;&#x43D;&#x430;...</subfield>
    <subfield code="t">&#x41D;&#x430;&#x442;&#x430;&#x43B;&#x44C;&#x44F;, &#x410;&#x43D;&#x43D;&#x430;...</subfield>
  </datafield>
  <datafield tag="700" ind1=" " ind2="1">
    <subfield code="a">&#x421;&#x430;&#x433;&#x430;&#x43D;&#x44C;</subfield>
    <subfield code="b">&#x41D;.&#x41A;.</subfield>
    <subfield code="g">&#x41D;&#x430;&#x442;&#x430;&#x43B;&#x44C;&#x44F; &#x41A;&#x43E;&#x43D;&#x441;&#x442;&#x430;&#x43D;&#x442;&#x438;&#x43D;&#x43E;&#x432;&#x43D;&#x430;</subfield>
  </datafield>
  <datafield tag="801" ind1=" " ind2="0">
    <subfield code="a">RU</subfield>
    <subfield code="b">NLR</subfield>
    <subfield code="g">psbo</subfield>
  </datafield>
  <datafield tag="801" ind1=" " ind2="1">
    <subfield code="a">RU</subfield>
    <subfield code="b">ELAR</subfield>
    <subfield code="2">rusmarc</subfield>
  </datafield>
  <datafield tag="852" ind1=" " ind2=" ">
    <subfield code="a">NLR</subfield>
    <subfield code="j">89-2/3488</subfield>
  </datafield>
  <datafield tag="942" ind1=" " ind2=" ">
    <subfield code="c">BOOK</subfield>
  </datafield>
  <datafield tag="980" ind1=" " ind2=" ">
    <subfield code="a">NB</subfield>
  </datafield>
  <datafield tag="995" ind1=" " ind2=" ">
    <subfield code="5">2013-10-26</subfield>
    <subfield code="b">NLR01</subfield>
    <subfield code="c">NLR01</subfield>
    <subfield code="e">RF9</subfield>
    <subfield code="f">5645241-10</subfield>
    <subfield code="k">89-2/3488</subfield>
    <subfield code="o">0</subfield>
    <subfield code="r">BOOK</subfield>
    <subfield code="s">8923488_</subfield>
  </datafield>
</record>
